Statistics for nba champions

Click here to take the quiz!

General Stats

  • This quiz has been taken 1,262 times
  • The average score is 58 of 63

Answer Stats

HintAnswer% Correct
1981Celtics
99%
1962Celtics
99%
1974Celtics
99%
1984Celtics
99%
1986Celtics
99%
1969Celtics
99%
1968Celtics
99%
1966Celtics
99%
1965Celtics
99%
1964Celtics
99%
1963Celtics
99%
1961Celtics
99%
1960Celtics
99%
1959Celtics
99%
1957Celtics
99%
1976Celtics
99%
1980Lakers
99%
2000Lakers
99%
1988Lakers
99%
2001Lakers
99%
2002Lakers
99%
1987Lakers
99%
2008Lakers
99%
1985Lakers
99%
2009Lakers
99%
2010Lakers
99%
1982Lakers
99%
1950Lakers
99%
1952Lakers
99%
1953Lakers
99%
1954Lakers
99%
1972Lakers
99%
1997Bulls
97%
1998Bulls
97%
1996Bulls
97%
1993Bulls
97%
1992Bulls
97%
1991Bulls
97%
2012Heat
97%
2006Heat
97%
2005Spurs
94%
2007Spurs
94%
2003Spurs
94%
1999Spurs
94%
1989Pistons
92%
1990Pistons
92%
2004Pistons
92%
2011Mavericks
91%
1995Rockets
90%
1994Rockets
90%
1956Warriors
83%
1975Warriors
83%
196776ers
82%
198376ers
82%
1970Knicks
72%
1973Knicks
72%
1971Bucks
71%
198Hawks
71%
1978Bullets
65%
1979Supersonics
64%
1977Trailblazers
62%
1951Royals
54%
1955Nationals
39%

Score Distribution

Percentile by Number Answered

Percent of People with Each Score

Your Score History

You have not taken this quiz